Govt. of
Madhya Pradesh

The Tenses In English Language (Record no. 44625)

MARC details
000 -LEADER
fixed length control field 004610000a22001810004500
003 - CONTROL NUMBER IDENTIFIER
control field MACL
005 - DATE AND TIME OF LATEST TRANSACTION
control field 20151028151628.0
008 - FIXED-LENGTH DATA ELEMENTS--GENERAL INFORMATION
fixed length control field 151028b xxu||||| |||| 00| 0 eng d
040 ## - CATALOGING SOURCE
Original cataloging agency MACL
Transcribing agency MACL
041 ## - LANGUAGE CODE
Language code of text/sound track or separate title English
082 ## - DEWEY DECIMAL CLASSIFICATION NUMBER
Classification number 420.5/SAM
100 ## - MAIN ENTRY--PERSONAL NAME
Personal name Sampson, M. A
9 (RLIN) 17201
245 ## - TITLE STATEMENT
Title The Tenses In English Language
260 ## - PUBLICATION, DISTRIBUTION, ETC. (IMPRINT)
Place of publication, distribution, etc. Mumbai
Name of publisher, distributor, etc. Himalaya Publishing House
Date of publication, distribution, etc. 2009
350 ## - PRICE (NR) (BK AM CF MU VM SE) [OBSOLETE]
Price 130/-
690 ## - LOCAL SUBJECT ADDED ENTRY--TOPICAL TERM (OCLC, RLIN)
Topical term or geographic name as entry element English Grammar
942 ## - ADDED ENTRY ELEMENTS (KOHA)
Koha item type Books
Call number prefix 420.5/ SAM
Source of classification or shelving scheme
Holdings
Withdrawn status Lost status Source of classification or shelving scheme Damaged status Not for loan Home library Current library Date acquired Cost, normal purchase price Total Checkouts Full call number Barcode Date last seen Date last checked out Uniform Resource Identifier Price effective from Koha item type
          MACL MACL 28/10/2015 130.00 2 420.5/ SAM CRE025360 02/05/2024 17/04/2018 44894 15/04/2015 Books